000 00671nam a22002057a 4500
008 161019b xxu||||| |||| 00| 0 eng d
020 _a9780582353879
050 _aQA 39.2 .B33 1985
100 _aBackhouse,J.K.
245 _aPure Mathematics 2/
_cJ.K. Backhouse, S.P.T. Houldsworth, B.E.D.Cooper and P.J.F.Horril
250 _a3rd ed.
260 _a90 Tottenham Court Road,London :
_bLongman,
_c1985
300 _axvi, 464p. :
_bill. ;
_c23cm.
504 _aIncludes index.
650 _aMathematics.
700 _aHouldsworth,S.P.T.
700 _aCooper,B.E.D
700 _aHorril,P.J.F.
942 _2lcc
_cSH_L_BOOKS
_hQA 39.2 .B33 1985
_0247
999 _c15054
_d15054